[Event "CYCC U10 w"]
[Site "Windsor CAN"]
[Date "2016.07.07"]
[Round "5.110"]
[White "Tao, Kaitlyn"]
[Black "Wang, Jenna"]
[Result "0-1"]
[WhiteElo "626"]
[BlackElo "550"]
[PlyCount "54"]
[EventDate "2016.07.05"]
[EventType "swiss"]
[EventRounds "7"]
[EventCountry "CAN"]

1. e4 e5 2. Nf3 Nc6 3. Bc4 d6 4. h3 Nf6 5. Nc3 Be6 6. Bxe6 fxe6 7. d3 d5 8. Qe2
d4 9. Nd1 Bb4+ 10. Bd2 Qe7 11. O-O O-O-O 12. Bxb4 Nxb4 13. a3 Nc6 14. b3 g5 15.
Nxg5 Rhg8 16. Qd2 Qg7 17. h4 h6 18. f3 hxg5 19. hxg5 Nd7 20. f4 Rdf8 21. g3 Rh8
22. Nf2 Qh7 23. Ng4 Qh1+ 24. Kf2 Qh3 25. Qd1 exf4 26. Kg1 f3 27. Nh2 Qxh2# 0-1

[Event "CYCC U10 w"]
[Site "Windsor CAN"]
[Date "2016.07.07"]
[Round "5.111"]
[White "Boucher, Anne-Marie"]
[Black "Lariviere, Wen Shi"]
[Result "1-0"]
[WhiteElo "915"]
[BlackElo "523"]
[PlyCount "45"]
[EventDate "2016.07.05"]
[EventType "swiss"]
[EventRounds "7"]
[EventCountry "CAN"]

1. e4 e5 2. Bc4 d6 3. d3 d5 4. Bxd5 c6 5. Bc4 b5 6. Bb3 Bb4+ 7. c3 Ba5 8. Qf3
Nh6 9. g4 f6 10. g5 Nf7 11. gxf6 Ng5 12. fxg7 Nxf3+ 13. Nxf3 Rg8 14. Rg1 Qf6
15. Bxg8 Qe7 16. Bg5 Qc5 17. Bxh7 Bb6 18. g8=Q+ Kd7 19. Bh4 Qd6 20. Rg6 Qxd3
21. Rf6 Qc2 22. Qg7+ Ke8 23. Rf8# 1-0

[Event "CYCC U10 w"]
[Site "Windsor CAN"]
[Date "2016.07.08"]
[Round "6.105"]
[White "Kuleshova, Julia"]
[Black "Gilani, Mysha"]
[Result "1/2-1/2"]
[WhiteElo "1335"]
[BlackElo "1562"]
[PlyCount "94"]
[EventDate "2016.07.05"]
[EventType "swiss"]
[EventRounds "7"]
[EventCountry "CAN"]

1. e4 e5 2. Nf3 Nc6 3. Bb5 a6 4. Ba4 Nf6 5. d3 b5 6. Bb3 Be7 7. O-O d6 8. c3
O-O 9. h3 Na5 10. Bc2 c5 11. Nbd2 Nc6 12. Re1 Re8 13. Nf1 h6 14. Ng3 Be6 15.
Nh2 d5 16. Ng4 Nxg4 17. hxg4 Qd7 18. Nf5 dxe4 19. dxe4 Qxd1 20. Rxd1 Rad8 21.
Be3 Rf8 22. Kf1 Kh7 23. f3 Rxd1+ 24. Bxd1 Rd8 25. Be2 c4 26. Ke1 b4 27. Rb1 a5
28. Bf2 g6 29. Ne3 Rb8 30. Nxc4 bxc3 31. Rc1 cxb2 32. Rb1 Bxc4 33. Bxc4 Kg7 34.
Bb3 Nb4 35. Ke2 a4 36. a3 axb3 37. axb4 Ra8 38. Be1 Ra4 39. Rxb2 Bxb4 40. Bg3
Bc3 41. Rxb3 Ra2+ 42. Kf1 Ra1+ 43. Ke2 Ra2+ 44. Kf1 Ra1+ 45. Ke2 Ra2+ 46. Kf1
Ra1+ 47. Ke2 Ra2+ 1/2-1/2

[Event "CYCC U10 w"]
[Site "Windsor CAN"]
[Date "2016.07.08"]
[Round "6.106"]
[White "Guo, Veronica (Yu Han)"]
[Black "Shen, Isamel"]
[Result "0-1"]
[WhiteElo "933"]
[BlackElo "1242"]
[PlyCount "146"]
[EventDate "2016.07.05"]
[EventType "swiss"]
[EventRounds "7"]
[EventCountry "CAN"]

1. e4 e5 2. Nf3 Nc6 3. Bc4 Bc5 4. c3 Bb6 5. d3 Nf6 6. O-O h6 7. h3 O-O 8. Nbd2
d6 9. Bb3 Be6 10. Bc2 Ne7 11. Re1 Ng6 12. Nf1 Qd7 13. Ng3 Rad8 14. Be3 c6 15.
d4 Rfe8 16. Qd2 Kh7 17. Rad1 Qc7 18. Qe2 Kg8 19. Nh2 Qc8 20. Nh5 Nxh5 21. Qxh5
Kh7 22. dxe5 dxe5 23. Rxd8 Rxd8 24. Ng4 Bxg4 25. hxg4 Bxe3 26. Rxe3 f6 27. g3
Qc7 28. Rd3 Rxd3 29. Bxd3 b5 30. Qf5 Qd6 31. Qf3 a6 32. b4 c5 33. c4 bxc4 34.
Bxc4 cxb4 35. Qd3 Qxd3 36. Bxd3 a5 37. Bc4 Ne7 38. Kf1 g6 39. Ke1 Kg7 40. Kd2
Kf8 41. Kc2 Nc6 42. Kb3 Ke7 43. Ka4 Kd6 44. f4 Kc5 45. Bd5 Nd4 46. Bf7 g5 47.
fxg5 fxg5 48. Kxa5 Ne2 49. Be6 Nxg3 50. Bf5 Kc4 51. Kb6 Kd4 52. Kc6 Nxe4 53.
Kb5 Nc3+ 54. Kxb4 Nxa2+ 55. Kb5 Nc3+ 56. Kc6 e4 57. Bxe4 Nxe4 58. Kd7 Nf6+ 59.
Ke6 Nxg4 60. Kf5 Ne3+ 61. Kg6 g4 62. Kxh6 g3 63. Kg6 g2 64. Kf6 g1=Q 65. Ke6
Qg5 66. Kd6 Qd5+ 67. Kc7 Qe6 68. Kd8 Qf7 69. Kc8 Qe7 70. Kb8 Qd7 71. Ka8 Kc5
72. Kb8 Kc6 73. Ka8 Qb7# 0-1

[Event "CYCC U10 w"]
[Site "Windsor CAN"]
[Date "2016.07.08"]
[Round "6.107"]
[White "Fan, Elaine"]
[Black "Zhang, Wendy"]
[Result "1-0"]
[WhiteElo "676"]
[BlackElo "733"]
[PlyCount "83"]
[EventDate "2016.07.05"]
[EventType "swiss"]
[EventRounds "7"]
[EventCountry "CAN"]

1. e4 e5 2. Nf3 Nc6 3. Bc4 Bc5 4. O-O Nf6 5. d3 d6 6. c3 Be6 7. a4 a6 8. Bxe6
fxe6 9. d4 Ba7 10. Re1 O-O 11. Qb3 Qe7 12. Qxb7 Qd7 13. Qxa6 Bxd4 14. Qc4 Bc5
15. b4 Ba7 16. Ng5 Nd8 17. Nd2 h6 18. Ngf3 Nc6 19. Nb3 Nb8 20. Rd1 Na6 21. Nxe5
Qe7 22. Ng6 Qe8 23. Nxf8 Qxf8 24. Qxe6+ Kh8 25. Bf4 Re8 26. Qc4 Ra8 27. b5 Nc5
28. Nxc5 Bxc5 29. Rf1 Re8 30. Rae1 Re7 31. e5 Qe8 32. Re2 c6 33. Rfe1 cxb5 34.
axb5 Qc8 35. Kf1 Ng4 36. exd6 Rxe2 37. Rxe2 g5 38. Be5+ Kh7 39. Qe4+ Kg8 40.
Qg6+ Kf8 41. Qg7+ Ke8 42. Qe7# 1-0

[Event "CYCC U10 w"]
[Site "Windsor CAN"]
[Date "2016.07.08"]
[Round "6.108"]
[White "Lin, Angela"]
[Black "Ye, Sarah"]
[Result "1-0"]
[WhiteElo "1203"]
[BlackElo "835"]
[PlyCount "115"]
[EventDate "2016.07.05"]
[EventType "swiss"]
[EventRounds "7"]
[EventCountry "CAN"]

1. d4 d5 2. Nf3 Nf6 3. c4 dxc4 4. Qa4+ Bd7 5. Qxc4 Be6 6. Qc2 Bd7 7. Nc3 e6 8.
Qb3 Bd6 9. Qxb7 Bc6 10. Qb3 Nbd7 11. e3 O-O 12. Be2 Rb8 13. Qc2 h6 14. e4 Bb4
15. Bd3 Re8 16. O-O Ba5 17. Ne2 Nb6 18. Qxc6 e5 19. Nxe5 Re6 20. Qc2 Nbd7 21.
Nc6 Qe8 22. Nxb8 Qxb8 23. Qb3 Qe8 24. Be3 Rb6 25. Qc2 Qc8 26. d5 Qd8 27. Bxb6
Bxb6 28. Rac1 Ne8 29. Qd2 Ne5 30. Kh1 Qh4 31. Qf4 Qe7 32. Rcd1 g5 33. Qd2 Nf6
34. f4 Neg4 35. Qe1 Ne3 36. Qg3 Nxf1 37. Rxf1 Nh5 38. Qg4 Nf6 39. Qf5 Ne8 40.
fxg5 hxg5 41. e5 f6 42. Qe6+ Qf7 43. Qxf7+ Kxf7 44. e6+ Ke7 45. Bb5 Nd6 46. Bd3
Ne8 47. Ng3 Ng7 48. Ne4 f5 49. Nxg5 Ne8 50. Rxf5 Nd6 51. Re5 Bd4 52. Re2 Bf6
53. Ne4 Nxe4 54. Rxe4 Kd6 55. Bc4 Bxb2 56. e7 Kd7 57. e8=Q+ Kd6 58. Qe7# 1-0

[Event "CYCC U10 w"]
[Site "Windsor CAN"]
[Date "2016.07.08"]
[Round "6.109"]
[White "Wang, Jenna"]
[Black "Pobereshnikova, Faina"]
[Result "1-0"]
[WhiteElo "550"]
[BlackElo "745"]
[PlyCount "121"]
[EventDate "2016.07.05"]
[EventType "swiss"]
[EventRounds "7"]
[EventCountry "CAN"]

1. d4 d5 2. c4 e6 3. Nc3 Nf6 4. Nf3 Nc6 5. e3 Bd6 6. b3 O-O 7. Be2 Ne7 8. O-O
a6 9. c5 Ne4 10. Bb2 Nxc3 11. Bxc3 Ng6 12. cxd6 Qxd6 13. Qe1 f6 14. Bb4 Qd7 15.
Bxf8 Kxf8 16. Qb4+ Kg8 17. Rac1 e5 18. Bd3 e4 19. Nh4 Nxh4 20. Be2 a5 21. Qd2
b6 22. Rc2 Ba6 23. Bxa6 Rxa6 24. Rfc1 Ra8 25. Rxc7 Qe8 26. Qc2 h5 27. Rc8 Rxc8
28. Qxc8 Qxc8 29. Rxc8+ Kf7 30. Rc6 b5 31. a4 bxa4 32. bxa4 Kg6 33. Rc5 Kf5 34.
Rxd5+ Kg6 35. Rxa5 Nf5 36. Rb5 Nd6 37. d5 Nxb5 38. axb5 Kf7 39. b6 Ke7 40. b7
Kd6 41. b8=Q+ Kxd5 42. Qb4 g5 43. g3 f5 44. Qb5+ Ke6 45. Kg2 g4 46. h4 Kd6 47.
f4 Ke6 48. Kf2 Kd6 49. Ke2 Ke6 50. Kd2 Kd6 51. Kc3 Ke6 52. Qc5 Kf6 53. Qd5 Kg6
54. Qe5 Kf7 55. Kd4 Kg6 56. Kd5 Kf7 57. Qe6+ Kg7 58. Ke5 Kf8 59. Qd7 Kg8 60.
Kf6 Kh8 61. Qg7# 1-0

[Event "CYCC U10 w"]
[Site "Windsor CAN"]
[Date "2016.07.08"]
[Round "6.110"]
[White "Wang, Sophia"]
[Black "Boucher, Anne-Marie"]
[Result "1-0"]
[WhiteElo "965"]
[BlackElo "915"]
[PlyCount "85"]
[EventDate "2016.07.05"]
[EventType "swiss"]
[EventRounds "7"]
[EventCountry "CAN"]

1. e4 e5 2. Nf3 Nc6 3. Bc4 Nf6 4. Ng5 d5 5. exd5 Nxd5 6. Nxf7 Kxf7 7. Qf3+ Ke6
8. Nc3 Ncb4 9. O-O Bc5 10. Nxd5 Nxd5 11. Bxd5+ Qxd5 12. Qxd5+ Kxd5 13. d3 Bd7
14. c4+ Kd4 15. Be3+ Kxd3 16. Bxc5 Kxc4 17. Rac1+ Kd5 18. Rfd1+ Ke6 19. Re1 b6
20. Bd4 Kd5 21. Bxe5 Rhe8 22. Bxg7 Rxe1+ 23. Rxe1 Rg8 24. Re5+ Kd4 25. Re7+ Kc5
26. Rxd7 Re8 27. Rxc7+ Kb5 28. h3 a5 29. f4 Re1+ 30. Kf2 Re8 31. f5 a4 32. f6
a3 33. b3 Kb4 34. f7 Rd8 35. f8=Q+ Rxf8+ 36. Bxf8+ Ka5 37. g4 b5 38. Rxh7 b4
39. g5 Kb6 40. g6 Ka6 41. g7 Ka7 42. g8=Q+ Kb6 43. Qg6+ {Black played the
illegal 43... Kc5 and the game continued with White winning in 67 moves.} 1-0

[Event "CYCC U10 w"]
[Site "Windsor CAN"]
[Date "2016.07.08"]
[Round "6.111"]
[White "Calugar, Alice"]
[Black "Surya, Dania"]
[Result "1-0"]
[WhiteElo "885"]
[BlackElo "627"]
[PlyCount "139"]
[EventDate "2016.07.05"]
[EventType "swiss"]
[EventRounds "7"]
[EventCountry "CAN"]

1. e4 e5 2. Nf3 Nc6 3. Bc4 Nf6 4. Ng5 d5 5. exd5 Nd4 6. c3 Nf5 7. O-O Bc5 8. b4
Bb6 9. Bb2 Nd6 10. Bb3 Ng4 11. Nf3 e4 12. Nd4 Qh4 13. h3 Nf6 14. Ba4+ Ke7 15.
d3 Qg5 16. Kh1 Bg4 17. hxg4 Nxg4 18. Kg1 Qh4 19. Re1 Qxf2+ 20. Kh1 Ne3 21. Qe2
Qh4+ 22. Kg1 Ng4 23. g3 Qxg3+ 24. Qg2 Qxe1+ 25. Qf1 Qe3+ 26. Kh1 Nf2+ 27. Kh2
exd3 28. Na3 Nde4 29. Nf5+ Kf6 30. Nxe3 Bxe3 31. Re1 Bf4+ 32. Kg2 Rad8 33. Rxe4
Nxe4 34. Qxf4+ Kg6 35. Qxe4+ Kg5 36. Bc1+ Kf6 37. Qxd3 c6 38. Qd4+ Kg6 39. Bc2+
f5 40. Qg4+ Kf6 41. Qxf5+ Ke7 42. Bg5+ Ke8 43. Bxd8 Kxd8 44. dxc6 bxc6 45. b5
g6 46. Qf6+ Kc7 47. Qxh8 cxb5 48. Nxb5+ Kb6 49. Nxa7 Kxa7 50. Qxh7+ Kb6 51.
Qxg6+ Kc5 52. a4 Kc4 53. a5 Kxc3 54. a6 Kd2 55. a7 Ke2 56. a8=Q Ke1 57. Qa1+
Kd2 58. Kh2 Ke3 59. Qg2 Kf4 60. Qf6+ Ke3 61. Qe4+ Kd2 62. Qd6+ Kc3 63. Qdc6+
Kb2 64. Qb6+ Kc1 65. Bd1 Kxd1 66. Qe8 Kd2 67. Qd6+ Kc1 68. Qc8+ Kb1 69. Qb6+
Ka1 70. Qa8# 1-0

[Event "CYCC U10 w"]
[Site "Windsor CAN"]
[Date "2016.07.08"]
[Round "6.112"]
[White "Lariviere, Wen Shi"]
[Black "Zhou, Madison"]
[Result "1-0"]
[WhiteElo "523"]
[BlackElo "737"]
[PlyCount "27"]
[EventDate "2016.07.05"]
[EventType "swiss"]
[EventRounds "7"]
[EventCountry "CAN"]

1. e4 e5 2. Bc4 Nf6 3. Bb3 Bc5 4. Qe2 O-O 5. g4 h6 6. Nf3 Nc6 7. g5 hxg5 8. h4
gxh4 9. Nxh4 d6 10. f4 Bg4 11. Qh2 Nxe4 12. Nf5 Bf2+ 13. Kf1 Bxf5 14. Qh8# 1-0

[Event "CYCC U10 w"]
[Site "Windsor CAN"]
[Date "2016.07.08"]
[Round "6.113"]
[White "Calugar, Emma"]
[Black "Tao, Kaitlyn"]
[Result "1-0"]
[WhiteElo "651"]
[BlackElo "626"]
[PlyCount "55"]
[EventDate "2016.07.05"]
[EventType "swiss"]
[EventRounds "7"]
[EventCountry "CAN"]

1. e4 e5 2. Nc3 Nc6 3. Nf3 Bc5 4. Bb5 a6 5. Bxc6 dxc6 6. Nxe5 Qf6 7. Nf3 Ne7 8.
d4 Bb6 9. Bg5 Qe6 10. O-O O-O 11. Re1 h6 12. d5 Qg6 13. Bxe7 Bh3 14. g3 Rfe8
15. Ne5 Qh5 16. Qxh5 Rxe7 17. Qxh3 Rxe5 18. dxc6 bxc6 19. Rad1 Rae8 20. Re2
R8e7 21. Red2 Re8 22. Rd7 Rxe4 23. Nxe4 Rf8 24. Rd8 Ba5 25. Rxf8+ Kxf8 26. Qc8+
Ke7 27. Qd7+ Kf8 28. Qd8# 1-0

[Event "CYCC U10 w"]
[Site "Windsor CAN"]
[Date "2016.07.08"]
[Round "7.105"]
[White "Gilani, Mysha"]
[Black "Fan, Elaine"]
[Result "1/2-1/2"]
[WhiteElo "1562"]
[BlackElo "676"]
[PlyCount "52"]
[EventDate "2016.07.05"]
[EventType "swiss"]
[EventRounds "7"]
[EventCountry "CAN"]

1. d4 d5 2. c4 c6 3. Nc3 Nf6 4. e3 e6 5. Bd3 c5 6. cxd5 exd5 7. Nge2 Be7 8. O-O
c4 9. Bc2 O-O 10. b3 a6 11. bxc4 dxc4 12. e4 Bg4 13. f3 Bh5 14. Be3 Bb4 15. Qb1
Bxc3 16. Nxc3 b5 17. e5 Re8 18. Bf2 Qa5 19. exf6 Qxc3 20. Bxh7+ Kh8 21. fxg7+
Kxg7 22. Be4 Bg6 23. Bxg6 fxg6 24. Qd1 Nc6 25. d5 Rad8 26. Re1 Rf8 1/2-1/2

[Event "CYCC U10 w"]
[Site "Windsor CAN"]
[Date "2016.07.08"]
[Round "7.106"]
[White "Shen, Isamel"]
[Black "Lin, Angela"]
[Result "0-1"]
[WhiteElo "1242"]
[BlackElo "1203"]
[PlyCount "128"]
[EventDate "2016.07.05"]
[EventType "swiss"]
[EventRounds "7"]
[EventCountry "CAN"]

1. e4 c5 2. Nf3 e6 3. d4 cxd4 4. Nxd4 a6 5. Nc3 Nc6 6. Nf3 Qc7 7. Be2 Nf6 8.
Be3 Bb4 9. O-O Bxc3 10. bxc3 Nxe4 11. Qd3 d5 12. Rfd1 Ne5 13. Nxe5 Qxe5 14. Bd4
Qg5 15. Bf3 Nd6 16. Re1 O-O 17. Re2 Re8 18. Rae1 Nc4 19. Rb1 b5 20. Ree1 Bb7
21. Be2 e5 22. Be3 Nxe3 23. Qxe3 Qxe3 24. fxe3 Rac8 25. Rb3 Rc7 26. Bf3 f5 27.
g4 e4 28. Be2 fxg4 29. Bxg4 Bc8 30. Be2 Re6 31. Rd1 Rd6 32. Kf2 Be6 33. Kg3
Rdc6 34. Kf4 Rxc3 35. Ke5 R3c6 36. Rd4 Re7 37. Bd1 Bf7+ 38. Kf4 Rf6+ 39. Kg3
Re5 40. Kg4 Be6+ 41. Kh4 Rg6 42. h3 Kf8 43. Rd2 d4 44. exd4 Bxb3 45. dxe5 Bxa2
46. Rd4 Rg1 47. Be2 Rc1 48. Rxe4 Rxc2 49. e6 Ke7 50. Bg4 Rc6 51. Kg3 Bxe6 52.
Bxe6 Rxe6 53. Rxe6+ Kxe6 54. Kf2 a5 55. Ke2 a4 56. Kd2 a3 57. Kc2 b4 58. Kb1
Kd5 59. Ka1 Kc4 60. Kb1 Kc3 61. Ka1 b3 62. h4 b2+ 63. Kb1 Kb3 64. h5 a2# 0-1

[Event "CYCC U10 w"]
[Site "Windsor CAN"]
[Date "2016.07.08"]
[Round "7.107"]
[White "Wang, Jenna"]
[Black "Kuleshova, Julia"]
[Result "0-1"]
[WhiteElo "550"]
[BlackElo "1335"]
[PlyCount "84"]
[EventDate "2016.07.05"]
[EventType "swiss"]
[EventRounds "7"]
[EventCountry "CAN"]

1. d4 Nf6 2. c4 g6 3. Nf3 Bg7 4. Nc3 O-O 5. e3 d6 6. d5 e5 7. e4 a5 8. a4 Na6
9. b3 Nc5 10. Ba3 Nfxe4 11. Nxe4 Nxe4 12. Bd3 Ng5 13. O-O f5 14. Bc1 Nf7 15.
Bc2 Qf6 16. Bb2 g5 17. Re1 g4 18. Nd2 Ng5 19. h4 gxh3 20. f4 h2+ 21. Kh1 Nf7
22. fxe5 dxe5 23. Bxe5 Nxe5 24. Rf1 Ng4 25. Nf3 Ne3 26. Qd4 Qxd4 27. Nxd4 Nxf1
28. Rxf1 Bxd4 29. Kxh2 f4 30. Bd1 Bf5 31. Kh1 Rae8 32. Rxf4 Re1+ 33. Kh2 Rxd1
34. Rf3 Be5+ 35. Rg3+ Bxg3+ 36. Kxg3 Rd3+ 37. Kh2 Rxb3 38. c5 Be4 39. d6 cxd6
40. cxd6 Rf2 41. d7 Rxg2+ 42. Kh1 Rb1# 0-1

[Event "CYCC U10 w"]
[Site "Windsor CAN"]
[Date "2016.07.08"]
[Round "7.108"]
[White "Ye, Sarah"]
[Black "Guo, Veronica (Yu Han)"]
[Result "0-1"]
[WhiteElo "835"]
[BlackElo "933"]
[PlyCount "142"]
[EventDate "2016.07.05"]
[EventType "swiss"]
[EventRounds "7"]
[EventCountry "CAN"]

1. e4 e5 2. Nf3 Nc6 3. Bb5 a6 4. Bxc6 dxc6 5. Nxe5 Qd4 6. Nf3 Qxe4+ 7. Qe2
Qxe2+ 8. Kxe2 Nf6 9. Re1 Be6 10. d4 Bd6 11. Nc3 O-O 12. Kf1 Rfe8 13. Be3 Bg4
14. Nd2 Rad8 15. h3 Bf5 16. Rac1 h6 17. Nc4 Be7 18. Nd2 b6 19. Nf3 c5 20. dxc5
Bxc5 21. Kg1 Bxe3 22. fxe3 Ne4 23. Rf1 Nxc3 24. bxc3 Rxe3 25. c4 Re2 26. Rce1
Rxc2 27. Re7 Rxc4 28. Ne5 Rc5 29. Rxf5 Rdd5 30. Re8+ Kh7 31. g4 f6 32. Nf7 Rd1+
33. Kg2 Rc2+ 34. Kg3 Rd3+ 35. Rf3 Rxf3+ 36. Kxf3 Rxa2 37. h4 Ra3+ 38. Ke4 Ra4+
39. Kf5 Ra5+ 40. Kf4 g5+ 41. Kf3 gxh4 42. Rh8+ Kg7 43. Rxh6 Kxf7 44. Rxh4 Kg6
45. Rh1 c5 46. Rc1 Ra4 47. Rb1 b5 48. Rc1 c4 49. Ke2 Ra3 50. Kd1 a5 51. Kc2 b4
52. Kb1 c3 53. Rg1 b3 54. Rf1 c2+ 55. Kb2 Ra4 56. Kxb3 Rxg4 57. Kxc2 a4 58. Ra1
f5 59. Kd2 Re4 60. Kd3 Kf6 61. Ra3 Ke5 62. Kd2 f4 63. Kd3 Re3+ 64. Kc4 Rxa3 65.
Kb5 f3 66. Ka5 f2 67. Kb4 f1=Q 68. Kxa3 Qb5 69. Ka2 Kd4 70. Ka3 Kc3 71. Ka2
Qb2# 0-1

[Event "CYCC U10 w"]
[Site "Windsor CAN"]
[Date "2016.07.08"]
[Round "7.109"]
[White "Zhou, Madison"]
[Black "Wang, Sophia"]
[Result "0-1"]
[WhiteElo "737"]
[BlackElo "965"]
[PlyCount "140"]
[EventDate "2016.07.05"]
[EventType "swiss"]
[EventRounds "7"]
[EventCountry "CAN"]

1. e4 e6 2. Nf3 d5 3. Nc3 Nf6 4. exd5 exd5 5. Qe2+ Be7 6. d4 O-O 7. Qd1 Nc6 8.
Bb5 Bd7 9. O-O a6 10. Ba4 b5 11. Bb3 Bg4 12. h3 Bh5 13. Bg5 h6 14. Bh4 a5 15.
Nxb5 a4 16. g4 Bg6 17. Bxa4 Rxa4 18. b3 Ra5 19. Nc3 Nb4 20. a3 Nxc2 21. Ra2
Nxa3 22. b4 Bxb4 23. Nb1 Nxb1 24. Rxa5 Bxa5 25. Ne5 Bh7 26. Nc6 Nc3 27. Qb3 Qa8
28. Nxa5 Qxa5 29. Bxf6 gxf6 30. Re1 Nb5 31. Rd1 Qb6 32. Qxd5 Nc3 33. Qf3 Nxd1
34. Qxd1 Qb1 35. Qxb1 Bxb1 36. Kf1 Bd3+ 37. Ke1 Re8+ 38. Kd2 Bf1 39. h4 Re2+
40. Kc3 Rxf2 41. d5 Rg2 42. g5 fxg5 43. hxg5 hxg5 44. Kd4 Rd2+ 45. Ke5 Rxd5+
46. Kxd5 Bc4+ 47. Ke4 c5 48. Kf5 Bd3+ 49. Kxg5 c4 50. Kh4 c3 51. Kh3 Bf5+ 52.
Kh2 Bh3 53. Kxh3 c2 54. Kh2 f5 55. Kg3 f4+ 56. Kxf4 c1=Q+ 57. Ke4 Qd2 58. Ke5
Qd3 59. Kf4 Qe2 60. Kf5 Qe3 61. Kf6 Qe4 62. Kg5 Qf3 63. Kg6 Qf4 64. Kh5 Kf8 65.
Kg6 Ke7 66. Kh5 Qg3 67. Kh6 Qg4 68. Kh7 Qg5 69. Kh8 Kf7 70. Kh7 Qg7# 0-1

[Event "CYCC U10 w"]
[Site "Windsor CAN"]
[Date "2016.07.08"]
[Round "7.110"]
[White "Zhang, Wendy"]
[Black "Calugar, Alice"]
[Result "1-0"]
[WhiteElo "733"]
[BlackElo "885"]
[PlyCount "55"]
[EventDate "2016.07.05"]
[EventType "swiss"]
[EventRounds "7"]
[EventCountry "CAN"]

1. e4 e5 2. Nf3 Nc6 3. Bc4 Nf6 4. d3 Bc5 5. O-O d6 6. Nc3 Na5 7. Bb3 Bg4 8. Be3
Bxe3 9. fxe3 Nxb3 10. axb3 O-O 11. Qe1 Bxf3 12. Rxf3 d5 13. Rd1 dxe4 14. dxe4
Qe7 15. Qg3 Rad8 16. Rdf1 Rd6 17. Nb5 Ra6 18. Nc3 Kh8 19. Qh4 Rg8 20. Rh3 h6
21. Ne2 b5 22. Ng3 Re8 23. Nf5 Qc5 24. Nxg7 Kg8 25. Qxh6 Nh7 26. Qxh7+ Kf8 27.
Nf5 f6 28. Qg7# 1-0

[Event "CYCC U10 w"]
[Site "Windsor CAN"]
[Date "2016.07.08"]
[Round "7.112"]
[White "Pobereshnikova, Faina"]
[Black "Tao, Kaitlyn"]
[Result "1-0"]
[WhiteElo "745"]
[BlackElo "626"]
[PlyCount "43"]
[EventDate "2016.07.05"]
[EventType "swiss"]
[EventRounds "7"]
[EventCountry "CAN"]

1. e4 e5 2. Bc4 Nf6 3. d3 Bc5 4. Nf3 Nc6 5. Nc3 h6 6. O-O O-O 7. Nd5 a6 8. a4
Na5 9. b4 Nxc4 10. Nxf6+ Qxf6 11. bxc5 d6 12. dxc4 Qg6 13. Nh4 Qf6 14. g3 Bh3
15. Ng2 dxc5 16. Rb1 Qc6 17. Qh5 Be6 18. Qxe5 Bxc4 19. Rd1 Be2 20. Rd2 Rfe8 21.
Bb2 Bg4 22. Qxg7# 1-0

[Event "CYCC U12"]
[Site "Windsor CAN"]
[Date "2016.07.05"]
[Round "1.53"]
[White "Kilroy, Sheldon"]
[Black "Huang, Patrick"]
[Result "0-1"]
[WhiteElo "1034"]
[BlackElo "1942"]
[PlyCount "48"]
[EventDate "2016.07.05"]
[EventType "swiss"]
[EventRounds "7"]
[EventCountry "CAN"]

1. e4 c5 2. Nf3 d6 3. Bc4 e6 4. Nc3 a6 5. a3 Nf6 6. d3 Be7 7. O-O b5 8. Ba2 Bb7
9. Re1 Nbd7 10. Bf4 O-O 11. e5 dxe5 12. Bxe5 Nxe5 13. Rxe5 Bd6 14. Re1 Qc7 15.
g3 Qc6 16. Kg2 Ng4 17. d4 cxd4 18. Ne4 Ne5 19. Nxd4 Qb6 20. Kf1 Rad8 21. Qd2
Bb8 22. Qc3 Qxd4 23. Rad1 Qxc3 24. Nxc3 Nf3 0-1

[Event "CYCC U12"]
[Site "Windsor CAN"]
[Date "2016.07.05"]
[Round "1.54"]
[White "England, Max"]
[Black "Wang, Kevin"]
[Result "1-0"]
[WhiteElo "1922"]
[BlackElo "1034"]
[PlyCount "84"]
[EventDate "2016.07.05"]
[EventType "swiss"]
[EventRounds "7"]
[EventCountry "CAN"]

1. e4 c5 2. d4 cxd4 3. c3 dxc3 4. Nxc3 Nc6 5. Nf3 g6 6. Bc4 Bg7 7. O-O d6 8.
Qe2 Bg4 9. Bxf7+ Kxf7 10. Ng5+ Ke8 11. Qxg4 Bxc3 12. bxc3 Nf6 13. Qe6 Qd7 14.
Qf7+ Kd8 15. Qb3 Kc7 16. Ne6+ Kc8 17. Qc4 Rb8 18. a4 a6 19. a5 d5 20. exd5 Qxd5
21. Qxd5 Nxd5 22. c4 Nc7 23. Bb2 Rg8 24. Nf4 b6 25. Bc3 Nxa5 26. Bxa5 bxa5 27.
Rxa5 Rb4 28. Rc5 Kb7 29. Rxc7+ Kxc7 30. Nd5+ Kd6 31. Nxb4 Kc5 32. Nxa6+ Kxc4
33. Nc7 Kc5 34. Re1 Kd6 35. Ne6 Rc8 36. Ng5 Kd7 37. Nxh7 Ke8 38. Nf6+ Kf7 39.
Nd5 e6 40. Nf4 e5 41. Nd3 e4 42. Rxe4 Rd8 1-0

[Event "CYCC U12"]
[Site "Windsor CAN"]
[Date "2016.07.05"]
[Round "1.55"]
[White "Wang, Jerry"]
[Black "Lin, Benjamin"]
[Result "0-1"]
[WhiteElo "1014"]
[BlackElo "1904"]
[PlyCount "64"]
[EventDate "2016.07.05"]
[EventType "swiss"]
[EventRounds "7"]
[EventCountry "CAN"]

1. e4 c5 2. Nf3 e6 3. c3 Nf6 4. e5 Nd5 5. d4 cxd4 6. cxd4 Be7 7. Bc4 Nb6 8. Bb3
d5 9. Nc3 O-O 10. O-O N8d7 11. Bf4 Nc4 12. Bxc4 dxc4 13. Qe2 Nb6 14. Rfd1 Nd5
15. Bg3 Nxc3 16. bxc3 Qd5 17. Re1 b5 18. Qe4 Bb7 19. Qxd5 Bxd5 20. Nd2 b4 21.
cxb4 Bxb4 22. Red1 Rfc8 23. Rac1 c3 24. Nb3 c2 25. Rd3 Ba3 26. Re1 Bxb3 27. Bf4
Bb4 28. Rc1 Bxa2 29. Ra1 Bb1 30. Bc1 a5 31. d5 exd5 32. Rxd5 Rd8 0-1

[Event "CYCC U12"]
[Site "Windsor CAN"]
[Date "2016.07.05"]
[Round "1.56"]
[White "Hemstapat, Andrew"]
[Black "Xiang, Christopher"]
[Result "1-0"]
[WhiteElo "1883"]
[BlackElo "1007"]
[PlyCount "71"]
[EventDate "2016.07.05"]
[EventType "swiss"]
[EventRounds "7"]
[EventCountry "CAN"]

1. e4 c5 2. Nf3 d6 3. d4 cxd4 4. Nxd4 Nf6 5. Nc3 g6 6. Be3 Bg7 7. f3 O-O 8. Qd2
Nc6 9. O-O-O Bd7 10. g4 Rc8 11. h4 h5 12. Be2 hxg4 13. Rdg1 Nxd4 14. Bxd4 gxf3
15. Bxf3 Qa5 16. h5 e5 17. Be3 Be8 18. hxg6 fxg6 19. Bh6 Qc7 20. Bxg7 Kxg7 21.
Qh6+ Kg8 22. Bh5 Nxh5 23. Rxh5 Qg7 24. Qd2 Rf6 25. Nd5 Re6 26. Rhg5 Rc4 27. Ne3
Rd4 28. Qa5 b6 29. Qc3 Rxe4 30. Qc8 Qd7 31. Rxg6+ Rxg6 32. Rxg6+ Kh7 33. Qxd7+
Bxd7 34. Rxd6 Be8 35. Nd5 Kg7 36. Nf6 1-0

[Event "CYCC U12"]
[Site "Windsor CAN"]
[Date "2016.07.05"]
[Round "1.57"]
[White "Kochetkov, Maxim"]
[Black "Doknjas, Neil"]
[Result "0-1"]
[WhiteElo "985"]
[BlackElo "1879"]
[PlyCount "102"]
[EventDate "2016.07.05"]
[EventType "swiss"]
[EventRounds "7"]
[EventCountry "CAN"]

1. e4 c5 2. Nf3 d6 3. Nc3 Nf6 4. d4 cxd4 5. Nxd4 a6 6. Bg5 e6 7. Be2 Be7 8. O-O
Nxe4 9. Bxe7 Nxc3 10. Bxd8 Nxd1 11. Rfxd1 Kxd8 12. Nf3 Ke7 13. Rd2 Nc6 14. Rad1
Rd8 15. Ng5 f6 16. Ne4 d5 17. Nc5 b6 18. Nb3 Bb7 19. Bf3 Ne5 20. Nd4 Nxf3+ 21.
Nxf3 e5 22. c3 Rd7 23. Re1 Kf7 24. g3 d4 25. Kg2 e4 26. Rxd4 exf3+ 27. Kh3 Rxd4
28. cxd4 Rd8 29. Rd1 g5 30. Rc1 Bc8+ 31. g4 h5 32. Rxc8 Rxc8 33. gxh5 f5 34. a4
Rc4 35. Kg3 Rxd4 36. Kxf3 Rxa4 37. Kg3 Rg4+ 38. Kh3 Rh4+ 39. Kg3 Rxh5 40. b4
Rh4 41. b5 axb5 42. h3 f4+ 43. Kh2 g4 44. f3 gxf3 45. Kh1 Rxh3+ 46. Kg1 Kf6 47.
Kf2 Kf5 48. Kg1 Kg4 49. Kf2 Rh2+ 50. Kg1 Kg3 51. Kf1 Rh1# 0-1

[Event "CYCC U12"]
[Site "Windsor CAN"]
[Date "2016.07.05"]
[Round "1.59"]
[White "Rawal, Aahaan"]
[Black "Shi, William"]
[Result "0-1"]
[WhiteElo "963"]
[BlackElo "1723"]
[PlyCount "49"]
[EventDate "2016.07.05"]
[EventType "swiss"]
[EventRounds "7"]
[EventCountry "CAN"]

1. Nf3 Nf6 2. g3 e6 3. c4 d5 4. Nc3 c6 5. b3 Be7 6. Bg2 O-O 7. O-O Ne4 8. Bb2
Bf6 9. Rc1 Qa5 10. a4 b5 11. cxb5 cxb5 12. d4 bxa4 13. Nxa4 Nd7 14. e3 Ba6 15.
Re1 Be7 16. Nc3 Bb4 17. Rc2 Nxc3 18. Bxc3 Bxc3 19. Ree2 Bxe2 20. Qxe2 Rfc8 21.
Qd3 Rc7 22. Ng5 Nf6 23. e4 h6 24. Nh3 Qa1+ 25. Bf1 0-1